Readings in the Economics of Industrial Organization
Saved in:
| Other Authors: | |
|---|---|
| Format: | Book |
| Language: | English |
| Published: |
New York
Holt
1970
|
| Edition: | 1. ed. |
| Tags: |
No Tags, Be the first to tag this record!
|
MARC
| LEADER | 00000nam a2200000 4500 | ||
|---|---|---|---|
| 001 | c040141 | ||
| 005 | 20221220102606.2 | ||
| 041 | 0 | |a eng | |
| 044 | |a US | ||
| 245 | 1 | 0 | |a Readings in the Economics of Industrial Organization |c Edit. Douglas Needham |
| 250 | |a 1. ed. | ||
| 264 | 1 | |a New York |b Holt |c 1970 | |
| 300 | |a 427 s. | ||
| 700 | 1 | |a Needham, Douglas | |